|
|
|
|
| LEADER |
00908cam a2200253 7i4500 |
| 001 |
0000034418 |
| 005 |
20170706090000.0 |
| 007 |
##ta |
| 008 |
170706s2017 sz 001 0 eng d |
| 020 |
# |
# |
|a 9783319264394
|
| 040 |
# |
# |
|a MATR
|
| 090 |
0 |
0 |
|a I 338.473621
|b BRI
|
| 245 |
0 |
0 |
|a Brilliant Business Models in Healthcare :
|b Get Inspired to Cure Healthcare
|c edited by Jeroen Kemperman, Jeroen Geelhoed, Jennifer op 't Hoog.
|
| 264 |
# |
1 |
|a Switzerland:
|b Springer,
|c 2017.
|
| 300 |
# |
# |
|a xix, 429 pages:
|b illustrations;
|c 24 cm.
|
| 336 |
# |
# |
|a text
|2 rdacontent
|
| 337 |
# |
# |
|a unmediated
|2 rdamedia
|
| 338 |
# |
# |
|a volume
|2 rdacarrier
|
| 504 |
# |
# |
|a Includes bibliographical references (pages 413-423) and index
|
| 650 |
# |
0 |
|a Medical economics
|
| 700 |
1 |
# |
|a Kemperman, Jeroen,
|
| 700 |
1 |
# |
|a Geelhoed, Jeroen,
|
| 700 |
1 |
# |
|a op 't Hoog, Jennifer,
|
| 999 |
|
|
|a 0000039030
|b Book
|c International
|e Business Information Centre
|